Import-Export (Record no. 2079)

MARC details
000 -CABECERA
campo de control de longitud fija 00760nam a2200193 a 4500
001 - NÚMERO DE CONTROL
campo de control BRCA_2335
005 - FECHA Y HORA DE LA ÚLTIMA TRANSACCIÓN
campo de control 20190320203750.0
008 - DATOS DE LONGITUD FIJA--INFORMACIÓN GENERAL
campo de control de longitud fija 890309s2005 ---a---##c---#001-0#eng-#
020 ## - NÚMERO INTERNACIONAL ESTÁNDAR DEL LIBRO
Número Internacional Estándar del Libro 0863555217
050 #4 - SIGNATURA TOPOGRÁFICA DE LA BIBLIOTECA DEL CONGRESO
Número de clasificación NK1443
Número de documento/Ítem .I47 2005
245 10 - MENCIÓN DE TÍTULO
Título Import-Export
Mención de responsabilidad, etc. curator Lesley Jackson.
260 ## - PUBLICACIÓN, DISTRIBUCIÓN, ETC.
Lugar de publicación, distribución, etc. Londres
Nombre del editor, distribuidor, etc. British Council
Fecha de publicación, distribución, etc. [2005]
300 ## - DESCRIPCIÓN FÍSICA
Extensión 105 p.
Otras características físicas il. a color
Dimensiones 19 cm.
500 ## - NOTA GENERAL
Nota general Catálogo de una exposición que viajó internacionalmente producida por la British Council´s Art, Architecture & Design department
500 ## - NOTA GENERAL
Nota general Catálogo de la exposición realizada en el Museo Franz Mayer (Ciudad de México), 2005
650 14 - PUNTO DE ACCESO ADICIONAL DE MATERIA--TÉRMINO DE MATERIA
Término de materia o nombre geográfico como elemento de entrada Diseño
Subdivisión de forma Exposiciones
Subdivisión general Historia
Subdivisión cronológica Siglo XXI
Subdivisión geográfica Gran Bretaña
9 (RLIN) 7015
700 1# - PUNTO DE ACCESO ADICIONAL--NOMBRE DE PERSONA
Nombre de persona Jackson, Lesley
9 (RLIN) 7016
942 ## - ELEMENTOS DE PUNTO DE ACCESO ADICIONAL (KOHA)
Fuente del sistema de clasificación o colocación Library of Congress Classification
Tipo de ítem Koha Libros
Holdings
Estado de retiro Estado de pérdida Estado dañado No para préstamo Localización permanente Ubicación/localización actual Fecha de adquisición Total de préstamos Signatura topográfica completa Código de barras Fecha visto por última vez Precio válido a partir de Tipo de ítem Koha
El ejemplar forma parte de la colección y puede ser consultado según las políticas vigentes.       Biblioteca del Museo Franz Mayer (Rogerio Casas-Alatriste) Biblioteca del Museo Franz Mayer (Rogerio Casas-Alatriste) 29/09/2008   NK1443 .I47 2005 01578 22/03/2019 22/03/2019 Libros